Antonymes de Noël (click quiz) - Statistiques

Statistiques générales
  • Ce quiz a été pris 149 fois
    144 depuis la dernière actualisation
  • Le résultat moyen est 6 sur 8
Statistiques - réponses
Hint Réponse % Correct
Après Avent
94%
Maison de retraite Crèche
91%
Père Noël Mère Fouettarde
90%
Endormons Réveillons
90%
Divorce Marie
77%
Vieux fossile Enfant
70%
Femme intelligente Dinde
67%
Niais Lutin
54%
Aucun quiz correspondant
Distribution des résultats
% des personnes avec chaque résultat
Percentile par nombre de réponses
Votre historique - résultats
Vous n’avez pas pris ce quiz depuis la dernière actualisation